The sixty-minute Shakespeare--Twelfth night /

An abridged version of Shakespeare's comedy about love at first sight, disguises, twins, and practical jokes.

Bibliographic Details
Main Author: Foster, Cass, 1948-
Other Authors: Shakespeare, William, 1564-1616
Format: Book
Language:English
Published: Chandler, AZ : Five Star Publications, 1998.
Edition:2nd ed.
Series:Classics for all ages.
Subjects:

MARC

Tag First Indicator Second Indicator Subfields
LEADER 00000cam a2200000 a 4500
001 in00001402928
005 20151020053101.0
008 980713s1998 azua c c 000 0 eng d
020 |a 1877749249 
035 |a (OCoLC)39475198 
035 |9 AHM6972AM 
040 |a TXA  |c TXA  |d UtOrBLW 
049 |a TXAM 
090 |a PR2837.A25  |b F67 1998 
100 1 |a Foster, Cass,  |d 1948- 
245 1 4 |a The sixty-minute Shakespeare--Twelfth night /  |c [abridged] by Cass Foster ; from Twelfth night, or What you will by William Shakespeare. 
246 3 0 |a Twelfth night 
250 |a 2nd ed. 
264 1 |a Chandler, AZ :  |b Five Star Publications,  |c 1998. 
300 |a xii, 74 pages :  |b illustrations ;  |c 22 cm. 
336 |a text  |b txt  |2 rdacontent 
337 |a unmediated  |b n  |2 rdamedia 
338 |a volume  |b nc  |2 rdacarrier 
490 1 |a Classics for all ages 
520 |a An abridged version of Shakespeare's comedy about love at first sight, disguises, twins, and practical jokes. 
650 0 |a Survival  |x Juvenile drama. 
650 0 |a Brothers and sisters  |z Illyria  |x Juvenile drama. 
650 0 |a Twins  |z Illyria  |x Juvenile drama. 
650 0 |a Children's plays, English. 
650 1 |a Plays. 
650 0 |a Shipwreck survival  |x Juvenile drama. 
650 0 |a Survival at sea  |x Juvenile drama. 
650 0 |a Airplane crash survival  |x Juvenile drama. 
700 1 |a Shakespeare, William,  |d 1564-1616.  |t Twelfth night. 
830 0 |a Classics for all ages. 
948 |a c:blr 
999 |a MARS 
999 f f |s bcf89184-ea0a-3bae-a49c-99206e39d922  |i 474d0483-15c4-3e12-bbe1-dda16bccd539  |t 0 
952 f f |p normal  |a Texas A&M University  |b College Station  |c Sterling C. Evans Library  |d Evans: Library Stacks  |t 0  |e PR2837.A25 F67 1998  |h Library of Congress classification  |i unmediated -- volume  |m A14823367737 
998 f f |a PR2837.A25 F67 1998  |t 0  |l Evans: Library Stacks